| 000 | 01202nam a22003497a 4500 | ||
|---|---|---|---|
| 003 | CHAP | ||
| 005 | 20220329133644.0 | ||
| 008 | 971013s1986 r 00010 d | ||
| 010 | _a9089 | ||
| 011 | _a10061 | ||
| 035 | _a9298 | ||
| 040 | _cCHAP | ||
| 090 | _aTesis | ||
| 100 | 0 | 0 |
_aSilva Rico, Darío. _9106037 |
| 245 | _aCaracterización y modelos productivos en el tejocote (Crataegus mexicana Moc. et Sessé) | ||
| 260 |
_aUruapan, Mich. : _bEl autor, _c1986 |
||
| 300 | _a52 h | ||
| 500 | _aFotocopias | ||
| 502 | _aTesis (Ing. Agr. Esp. en Fruticultura) -- Univ. Michoacana de San Nicolás de Hidalgo. Fac. de Agrobiología Presidente Juárez | ||
| 590 |
_aALEPH _b10 _c20130110 _lUCH01 _h1225 |
||
| 590 |
_aBATCH-UPD _b10 _c20130109 _lUCH01 _h2333 |
||
| 590 |
_aBATCH-UPD _b10 _c20130110 _lUCH01 _h1932 |
||
| 590 |
_aBATCH-UPD _b10 _c20130410 _lUCH01 _h1256 |
||
| 590 |
_aBATCH-UPD _b10 _c20130914 _lUCH01 _h2024 |
||
| 590 |
_aCONVERSION _b10 _c20130109 _lUCH01 _h1306 |
||
| 650 | 1 | 4 |
_aTejocote _xMichoacán. _9112057 |
| 650 | 1 | 4 |
_aTejocote _xRendimiento. _9112068 |
| 650 | 1 | 4 |
_aTejocote _xVariedades. _9112072 |
| 901 | _aBK | ||
| 942 | _cTESIS | ||
| 949 |
_bBC _cTES _d-19903 _eTS1 _h26081 _i9298 _mD _si |
||
| 999 |
_c9089 _d9089 |
||